Guess 2025 F1 Tracks By Hints - Statistics

General Stats
  • This quiz has been taken 123 times
  • The average score is 20 of 24
Answer Stats
Track Hint Region Answer % Correct
Lando Norris claimed his maiden victory at this circuit. North America Miami International Autodrome
96%
Both McLaren drivers were disqualified for plank wear at this circuit. North America Las Vegas Strip Circuit
94%
A track with the highest elevation gain into Turn 1. North America Circuit Of The Americas
93%
A circuit sits 2000m above sea level, making it the highest in the calendar. North America Autodromo Hermanos Rodríguez
91%
"BUT HERE COMES SEBASTIAN VETTEL" West Europe Circuit de Spa-Francorchamps
90%
After being disqualified from qualifying, Lewis Hamilton recovered to P5 in Sprint race and P1 in the main race. South America Autodromo José Carlos Pace (Interlagos)
88%
A wall where champions meet (literally). North America Circuit Gilles Villeneuve
88%
Max Verstappen crashed into the wall of the final turn for what could've been a monster pole lap. Middle East Jeddah Corniche Circuit
88%
The infamous Senna and Prost collision, resulting in Prost winning the title. East Asia Suzuka Circuit
88%
Kevin Magnussen claimed his maiden podium at this track. Oceania Albert Park Circuit
87%
"I am schupid, I am schupid. I switch off everything" Eastern Europe Baku City Circuit
87%
The most historic track in the entire calendar, being 96 years old. Western Europe Circuit de Monaco
86%
Daniel Ricciardo with a late lunge into the inside of Valtteri Bottas to claim a win at this track. East Asia Shanghai Audi International Circuit
84%
"Du bist WELTMEISTER" Middle East Yas Marina Circuit
84%
A chaotic Grand Prix resulted in Pierre Gasly's maiden victory. Southwestern Europe Autodromo Nazionale Monza
83%
Sergio Pérez won at this circuit after falling to P18. Middle East Bahrain International Circuit
83%
The first night race in F1. Southeast Asia Marina Bay Street Circuit
83%
A track that hosted some of the most banked corners in the calendar. Northwestern Europe Circuit Zandvoort
81%
McLaren set the world record for the fastest pit-stop (1.80s) at this track. Middle East Lusail International Circuit
81%
"THROUGH GOES HAMILTON" West Europe Silverstone
80%
Ayrton Senna tragically passed away due to a horrific crash at this track. Southwestern Europe Autodromo Internazionale Enzo e Dino Ferrari (Imola)
79%
Rubens Barrichello followed team order and slowed down to give Michael Schumacher the win. Central Europe Red Bull Ring
79%
Max Verstappen winning his debut race at this track, becoming the youngest ever F1 winner (18 years and 228 days). Western Europe Circuit de Barcelona-Catalunya
78%
Nicknamed "Monaco without the barriers" for its lack of overtaking opportunity for a purpose-built circuit. Central Europe Hungaroring
78%
No matching quizzes found
Score Distribution
Percent of People with Each Score
Percentile by Number Answered
Your Score History
You have not taken this quiz